000 00731nam a2200241Ia 4500
003 OSt
005 20220923230647.0
006 a|||||r|||| 00| 0
007 ta
008 220922b |||||||| |||| 00| 0 ben d
024 _a302,063
037 _cTextual
040 _aARTS
_cARTS
_bben
041 _2ben
_aben
082 _aO157,2M63x, 152J5.2
100 _aराय, द्विजेन्द्रलाल
245 0 _aसिंहल विजय
246 _aSianhal vijaya
260 _c1955
650 _aबंगाली साहित्य
_9156264
942 _hO157,2M63x, 152J5.2
_cTEXL
_2CC
999 _c386338
_d386338